[Event "Medellin Easter op 11th"]
[Site "Medellin"]
[Date "2023.04.09"]
[Round "7"]
[White "Toro Ramirez, Samuel"]
[Black "Lopez, Juan D"]
[Result "1-0"]
[WhiteElo "1682"]
[BlackElo "1891"]
[PlyCount "55"]
[EventDate "2023.04.05"]
[EventType "swiss"]
[EventRounds "7"]
[EventCountry "COL"]
[SourceTitle "CBM 213 Extra"]
[Source "ChessBase"]
[SourceDate "2023.05.31"]
[SourceVersion "1"]
[SourceVersionDate "2023.05.31"]
[SourceQuality "1"]

1. e4 c5 2. Nf3 d6 3. d4 cxd4 4. Qxd4 Nc6 5. Bb5 Bd7 6. Bxc6 bxc6 7. Bg5 e5 8. Bxd8 exd4 9. Bh4 c5 10. c3 Rb8 11. b3 g6 12. cxd4 cxd4 13. Nbd2 Bb5 14. Nxd4 Bd3 15. Rc1 d5 16. exd5 Bb4 17. Kd1 Ba3 18. Rc7 a5 19. Re1+ Kf8 20. Re3 Ba6 21. Nc4 Bb4 22. Nc6 Bxc4 23. bxc4 Ra8 24. Nxb4 axb4 25. d6 Kg7 26. Rf3 Nh6 27. Bf6+ Kg8 28. d7 1-0